Wallis - Quiz - Statistiken

Allgemein
  • Dieses Quiz wurde 20 mal gespielt
  • Das Durchschnittsergebnis liegt bei 11 aus 26
Antwortstatistiken
Frage Antwort % Korrekt
Dieser Berg ist mit seinen 4'478 Metern über Meer zwar nicht der höchste, aber zweifellos der bekannteste Walliser Berg Matterhorn
94%
Skiresort am Fusse dieses Berges Zermatt
94%
Hauptort des Kantons Wallis Sitten
76%
Grösster Gletscher der Alpen {Aletsch}gletscher
71%
Fluss, der auf einer Länge von 150 km das gesamte Kantonsgebiet durchquert Rhone
71%
Das Wallis brachte zwei FIFA-Präsidenten hervor. Nennen Sie einen davon. Sepp Blatter / Gianni Infantino
71%
See, in welchen dieser Fluss fliesst Genfersee
65%
Zwei Strassenpässe verbinden das Wallis mit Italien. Nennen Sie sie Simplon
47%
Mit 40 Weltcupsiegen einer der erfolgreichsten Schweizer Skifahrer aller Zeiten Pirmin Zurbriggen
47%
Eigenwilliger Präsident des FC Sion Christian Constantin
35%
Name des obersten Talabschnitts dieses Flusses Goms
35%
1984 wurde in Saas-Fee das Musikvideo zu diesem Weihnachtssong gedreht Last Christmas
35%
Diese Eisenbahntunnel verbinden das Wallis mit dem Kanton Bern Lötschberg-Tunnel
35%
Die Grande Dixence ist mit 285 Metern die höchste ... Europas Staumauer
35%
Wofür stehen die 13 Sterne auf der Kantonsflagge? Zehnden (Bezirke)
35%
Schwarze Hausrindrasse, durch Kuhkämpfe bekannt {Eringer}kühe
29%
Zwei Strassenpässe verbinden das Wallis mit Italien. Nennen Sie sie Grosser St. Bernhard
29%
Die Stadt Visp ist eng mit diesem Pharmaunternehmen verbunden Lonza
29%
Hotelier aus Niederwald, der in Paris ein Luxushotel eröffnete Cäsar Ritz
24%
Ausschliesslich im Kanton Wallis kultivierter Weisswein Fendant
24%
Handelsmann und Politiker des 17. Jh., der den Transitverkehr durchs Wallis förderte Hinweis: Ein Briger Schloss trägt seinen Namen Kaspar Stockalper
24%
Die Ortschaft Aproz ist schweizweit durch dieses Lebensmittel bekannt Mineralwasser
24%
Natürliche Sprachgrenze zwischen dem deutschsprachigen Oberwallis und dem frankophonen Unterwallis {Pfyn}wald
18%
Name für die den Bergflanken entlang gebauten historischen Wasserleitungen Suone
18%
Rettungshund, der über vierzig Personen das Leben rettete und der Legende nach dabei stets ein Fässchen Alkohol um den Hals trug Barry
12%
Territorialabtei mit über 1500-jähriger Geschichte Saint-Maurice
12%
Keine übereinstimmenden Quizze gefunden
Verteilung der Resultate
Anzahl Personen mit jedem Resultat
Perzentil nach korrekt beantworteten Fragen
Ihre Resultats-Entwicklung
Sie haben dieses Quiz noch nicht gespielt